Théatre de Molière /

Enregistré dans:
Détails bibliographiques
Auteur principal: Molière (autor)
Format: Livre
Langue:français
Sujets:
Tags: Ajouter un tag
Pas de tags, Soyez le premier à ajouter un tag!

MARC

LEADER 00000nam^a2200000^a^4500
001 000365168
005 20250526000000.0
009 20260310115636.585
037 |a Acervo Xavier Clavigero 
041 |a FRA 
082 |a 842.  |b MOL 
100 |a Molière  |e (autor) 
240 1 1 |a [Don Juan o el convidado de piedra] 
240 1 4 |a [El misántropo, de Molière] 
240 1 4 |a [El médico a palos] 
240 1 1 |a [Mélicerte] 
240 1 1 |a [Pastoral cómica] 
245 1 0 |a Théatre de Molière /  |c Molière ; il. de Paul Avril. 
264 |a París, Francia :  |b P. Arnould,  |c fecha no identificada 
300 |a 356 p., [1] lámina ;  |c 13.0 cm. 
336 |a texto  |b txt  |2 rdacontenido 
337 |a sin mediación  |b n  |2 rdamedio 
338 |a volumen  |b nc  |2 rdasoporte 
545 0 |a El dramaturgo y actor francés Jean-Baptiste Poquelin (1622-1673), quien adoptó el seudónimo de Molière, es considerado uno de los mejores comediógrafos de la literatura occidental. Su acierto fue adaptar la comedia a la forma convencional del teatro francés con un énfasis en lo cómico y usar la ironía para atacar la hipocresía y la corrupción en la sociedad francesa de su época. Esto le provocó problemas con la Iglesia Católica, que censuró la representación pública de sus obras. Algunas de sus obras: Las preciosas ridículas (1659); La escuela de las mujeres (1962); Tartufo (1664), en sus tres versiones; Don Juan (1665); El médico a palos (1666); El misántropo (1966); El avaro (1968) y El enfermo imaginario (1673). Durante la cuarta representación de esta última, Molière, representando el papel de Argán, sufre un ataque y posteriormente muere. 
561 |a Ex libris de Bibl. Domus San Cayetano 
562 |a Falta lámina 
649 |a XX 
650 |a Comedia Francesa 
650 |a Teatro Francés 
650 |a Literatura Francesa -  |y Siglo XVII 
740 0 |a Don Juan, ou la festin de Pierre :  |b comédie en cinq actes /  |c Molière ; il. de Paul Avril. 
740 3 |a Le misanthrope :  |b comédie en cinq actes /  |c Molière ; il. de Paul Avril. 
740 3 |a Le médecin malgré lui /  |c Molière ; il. de Paul Avril. 
740 0 |a Mélicerte :  |b comédie pastorale héroïque /  |c Molière ; il. de Paul Avril. 
740 0 |a Pastorale comique /  |c Molière ; il. de Paul Avril. 
910 |a Fondo General 
920 |a Impresos - Libros 
930 |a Libros Antiguos y Raros 
940 |a Literatura 
905 |a 108 
901 |a 0500258841  |b IT2  |c LRA  |u 20250526 
902 |a https://opac.biblio.iteso.mx/vufind/Record/000365168